Statistics for Call of Duty: Modern Warfare 3 Maps

Click here to take the quiz!

General Stats

  • This quiz has been taken 2,153 times
    (2,149 since last reset)
  • The average score is 8 of 16

Answer Stats

First LetterAnswer% Correct
DDome
84%
AArkaden
63%
UUnderground
61%
HHardhat
58%
MMission
58%
BBakaara
56%
RResistance
56%
VVillage
56%
SSeatown
52%
DDownturn
47%
BBootleg
42%
CCarbon
41%
IInterchange
40%
LLockdown
39%
OOutpost
39%
FFallen
38%

Score Distribution

Percentile by Number Answered

Percent of People with Each Score

Your Score History

You have not taken this quiz since the last reset